| 000 | 00946nam a22002417a 4500 | ||
|---|---|---|---|
| 005 | 20240530110500.0 | ||
| 008 | 150702s2009 qa ao a 000 j ara d | ||
| 020 | _a9789992142141 | ||
| 040 | _aEG-CaGPL | ||
| 082 | 0 | 4 |
_221 _a813.02 _bط/ت ت |
| 100 | 1 | _aتشارلس ، فوستن | |
| 245 | 1 | 2 |
_aالتمساح الانانى / _c فوستن تشارلس ، مايكل تيرى ؛ ترجمة نادية فودة ، اندى سمارت |
| 260 |
_aالدوحة : _bدار بلومزبرى - مؤسسة قطر للنشر ، _c2009 . |
||
| 300 |
_a( د.ت ) : _bصور ؛ _c19 سم . |
||
| 650 | 0 | 4 | _aادب الاطفال |
| 650 | 0 | 4 | _aالقصص القصيرة |
| 650 | 0 | 4 | _aتعليم الاطفال |
| 700 | 1 |
_aتيرى ، مايكل _eمؤلف مشارك |
|
| 700 | 0 |
_aنادية فودة _eمترجم |
|
| 700 | 1 |
_aسمارت ، اندى _eمترجم مشارك |
|
| 942 |
_2ddc _cBK |
||
| 999 |
_c61465 _d61465 |
||